| 000 | 00501nam a22001937a 4500 | ||
|---|---|---|---|
| 003 | LK-CoMWRAF | ||
| 005 | 20231117210241.0 | ||
| 008 | 231117b |||||||| |||| 00| 0 eng d | ||
| 020 | _a95561006110 | ||
| 040 |
_aLK-CoMWRAF _dLK-CoMWRAF _eLK-CoMWRAF |
||
| 041 | _aeng | ||
| 082 |
_a823 _bWIJ |
||
| 100 | _aWijenaike, Punyakante | ||
| 245 | _aGiraya | ||
| 260 |
_a Colombo : _bState printing corporation, _c1990 |
||
| 300 | _a137 p. ; 18 cm | ||
| 650 | _aEnglish Fiction--Sri Lankan | ||
| 942 | _cBK | ||
| 999 |
_c4115 _d4115 |
||